2024 Florida State Active Roster - Statistics

General Stats
  • This quiz has been taken 19 times
  • The average score is 16 of 28
Answer Stats
Hint Answer % Correct
Quarterback 2 Brock Glenn
83%
Punter Alex Mastromanno
67%
Quarterback 1 DJ Uiagalelei
67%
Wide Receiver 3 Jalen Brown
67%
Running Back 3 Kam Davis
67%
Right Tackle Keiondre Jones
67%
Tight End 1 Kyle Morlock
67%
Running Back 2 Lawrence Toafili
67%
Wide Receiver 1 Malik Benson
67%
Right Defensive End Marvin Jones Jr.
67%
Left Defensive End Patrick Payton
67%
Cornerback 1 Quindarrius Jones
67%
Running Back 1 Roydell Williams
67%
Kicker Ryan Fitzgerald
67%
Strong Safety Syheim Brown
67%
Right Outside Linebacker Blake Nicholson
50%
Free Safety Conrad Hussey
50%
Nose Tackle Darrell Jackson Jr.
50%
Left Outside Linebacker DJ Lundy
50%
Wide Receiver 2 Ja'Khi Douglas
50%
Right Guard Jeremiah Byers
50%
Defensive Tackle Joshua Farmer
50%
Center Maurice Smith
50%
Tight End 2 Brian Courtney
33%
Left Tackle Darius Washington
33%
Left Guard Richie Leonard IV
33%
Middle Linebacker Cam Riley
17%
Cornerback 2 Fentrell Cypruss
17%
No matching quizzes found
Score Distribution
Percent of People with Each Score
Percentile by Number Answered
Your Score History
You have not taken this quiz